Proverbs (Record no. 6952)

MARC details
000 -LEADER
fixed length control field 00197nam a22000857a 4500
008 - FIXED-LENGTH DATA ELEMENTS--GENERAL INFORMATION
fixed length control field 170620b xxu||||| |||| 00| 0 eng d
020 ## - INTERNATIONAL STANDARD BOOK NUMBER
International Standard Book Number 9788192075174
100 ## - MAIN ENTRY--PERSONAL NAME
9 (RLIN) 3567
Personal name Kant.R
245 ## - TITLE STATEMENT
Title Proverbs
260 ## - PUBLICATION, DISTRIBUTION, ETC. (IMPRINT)
Place of publication, distribution, etc. New Delhi
Name of publisher, distributor, etc. R.P
Date of publication, distribution, etc. 2012
Holdings
Withdrawn status Lost status Source of classification or shelving scheme Damaged status Koha normalized classification for sorting Not for loan Home library Current library Shelving location Date acquired Total Checkouts Full call number Barcode Date last seen Price effective from Koha item type
    Dewey Decimal Classification   KAN_402_000000000000000_B5   Good Samaritan School Library Good Samaritan School Library English 06/20/2017   KAN402 B-5 KAN11295 06/20/2017 06/20/2017 BOOK

Powered by Koha